Marketing management and information: a new case approach
Guardat en:
| Autor principal: | |
|---|---|
| Format: | Llibre |
| Idioma: | anglès |
| Publicat: |
Homewood
Richard D. Irwin
1967
|
| Matèries: | |
| Etiquetes: |
Afegir etiqueta
Sense etiquetes, Sigues el primer a etiquetar aquest registre!
|
MARC
| LEADER | 00000nam a2200000 a 4500 | ||
|---|---|---|---|
| 001 | UCQ1827 | ||
| 003 | CL-VaPUC | ||
| 008 | 980721e19670000US |||||||||||||||||eng|d | ||
| 082 | 0 | 4 | |a 658.802 |b NEW |2 21 |
| 100 | |a Newman, Joseph W. |e author |9 494923 | ||
| 245 | 1 | 0 | |a Marketing management and information: a new case approach |
| 300 | |a 390 p | ||
| 942 | |c BK | ||
| 945 | |d 19980721 00:00:00 |a cmena | ||
| 260 | |a Homewood |b Richard D. Irwin |c 1967 | ||
| 650 | 0 | |a Administración de empresas |9 260833 | |
| 650 | 0 | |a Marketing |9 259324 | |
| 650 | 7 | |a PRODUCTOS |2 CL-VaPUC |9 338640 | |
| 650 | 0 | |a Consumidores |9 315658 | |
| 650 | 0 | |a Investigación de mercado |9 332310 | |
| 650 | 0 | |a Publicidad |9 314572 | |
| 650 | 7 | |a PLANIFICACION Y CONTROL |2 CL-VaPUC |9 415699 | |
| 650 | 7 | |a ESTRATEGIAS |2 CL-VaPUC |9 342878 | |
| 650 | 0 | |a Análisis de la información |9 306986 | |
| 650 | 0 | |a Toma de decisiones |9 257530 | |
| 583 | |a last modification |c 19980721 00:00:00 |k Rodrigo Vera | ||
| 999 | |c 272671 |d 272669 | ||
| 952 | |0 0 |1 0 |4 0 |6 658_802000000000000_NEW_1967 |7 0 |8 A |9 307790 |a BIBGIM |b BIBGIM |d 2019-11-20 |i 1441493 |o 658.802 NEW 1967 |p 1441493 |r 2025-01-15 |w 2019-11-20 |y BK |k COM | ||